| 000 | 01086nam a2200301 i 4500 | ||
|---|---|---|---|
| 003 | DO-SdBNP | ||
| 005 | 20250506103128.0 | ||
| 006 | a||||gr|||| 00| 0 | ||
| 007 | ta | ||
| 008 | 230428e1994 dr a|||gr|||| 000 jdspa d | ||
| 040 |
_aDO-SdBNP _bspa _cBNPHU _erda |
||
| 082 | 4 |
_a813 _bB347m _222 |
|
| 245 | 1 | 3 |
_aEl mago de oz / _cLyman Frank Baum ; versión, María Isabel Plaz-Power ; ilustraciones, Claudia Celis. |
| 264 | 3 | 2 |
_aSanto Domingo : _bTobogán-Panapo, _bFondo Editorial, _c1994 |
| 300 |
_a111 páginas : _bilustraciones. ; _c23 cm. |
||
| 336 |
_2rdaconten _atexto _btxt |
||
| 337 |
_2rdamedia _asin medición _bn |
||
| 338 |
_2rdacarrier _avolumen _bnc |
||
| 490 | 0 | _aClásicos universales | |
| 500 | _aIncluye datos biográficos del autor en la contracubierta. | ||
| 590 | _aInventariado 2023 / MF | ||
| 650 | 4 |
_aCuentos infantiles estadounidenses _915171 |
|
| 650 | 4 |
_aLiteratura infantil estadounidenses _915172 |
|
| 650 | 4 |
_aLiteratura juvenil _99038 |
|
| 700 | 1 |
_aPlaz-Power, María Isabel _91076 |
|
| 700 | 1 |
_aCelis, Claudia, _eilustraciones _915173 |
|
| 942 |
_2ddc _cLBS1 |
||
| 999 |
_c53373 _d53373 |
||